musique de kanye west avec 500 millions d'écoutes - Statistiques

Statistiques générales
  • Ce quiz a été pris 533 fois
    36 depuis la dernière actualisation
  • Le résultat moyen est 15 sur 33
Statistiques - réponses
nombre d'écoutes musique % Correct
1 786 340 000 Stronger
90%
1 727 500 000 Flashing Lights
79%
1 809 600 000 Ni**as In Paris
76%
1 972 370 000 Heartless
72%
1 156 730 000 Runaway
72%
1 139 810 000 I Wonder
69%
1 344 200 000 Bound 2
66%
1 050 280 000 Homecoming
66%
1 171 310 000 POWER
66%
938 200 000 All Of The Lights
62%
978 650 000 Can't Tell Me Nothing
59%
765 450 000 Ghost Town
59%
1 503 490 000 Gold Digger
55%
1 070 250 000 All Falls Down
52%
1 470 970 000 Father Stretch My Hands pt.1
52%
540 000 000 Touch The Sky
52%
894 600 000 CARNIVAL
48%
935 670 000 Violent Crimes
48%
696 910 000 Devil In A New Dress
45%
696 480 000 Famous
34%
586 700 000 Good Life
34%
565 710 000 No Church In The Wild
31%
1 049 370 000 American Boy (Estelle)
28%
709 520 000 Black Skinhead
28%
1 352 580 000 FourFiveSeconds
24%
564 000 000 Praise God
21%
767 830 000 Forever (Eminem)
17%
521 230 000 Waves
17%
769 500 000 I Love It (& Lil Pump)
14%
528 000 000 Follow God
10%
580 480 000 All Mine
7%
767 310 000 Run This Down (Jay-Z)
0%
1 133 130 000 White Ferrari (Franck Ocean)
0%
Aucun quiz correspondant
Distribution des résultats
% des personnes avec chaque résultat
Percentile par nombre de réponses
Votre historique - résultats
Vous n’avez pas pris ce quiz depuis la dernière actualisation